Statistics for NBA Active Players with the Most Playoff Games with no Ring.

Click here to take the quiz!

General Stats

  • This quiz has been taken 47 times
  • The average score is 10 of 25

Answer Stats

GamesDraft YearPlayer% Correct
1022005Chris Paul
83%
1162009James Harden
78%
982008Russell Westbrook
78%
1352003Kyle Korver
71%
762010Paul George
59%
952004Dwight Howard
54%
881998Vince Carter
54%
722006LaMarcus Aldridge
51%
1202007Al Horford
49%
582009DeMar DeRozan
46%
582005Lou Williams
46%
572008DeAndre Jordan
39%
1012006Paul Millsap
39%
562007Mike Conley
37%
1102006JJ Redick
29%
712009Jeff Teague
24%
682005Gerald Green
22%
602007Jeff Green
22%
612014Clint Capela
17%
632010Evan Turner
15%
962006Thabo Sefolosha
15%
1172008George Hill
12%
912002Nenê
10%
662009Taj Gibson
7%
622009DeMarre Carroll
5%

Score Distribution

Percentile by Number Answered

Percent of People with Each Score

Your Score History

You have not taken this quiz